000 00836nam a2200229 4500
003 CO-ViMGA
020 _a9789583043925
040 _aCO-ViMGA
_bspa
_cCO-ViMGA
082 0 4 _aI 530.7 S11m
100 1 _aSaan, Anita van
_91027
245 1 0 _aMi libro de experimentos :
_b Imanes, calor, luz y más /
_c Anita Van Saan ; ilustrado por Petra Theissen
260 _aBogota :
_bPanamericana Editorial,
_c2014
300 _a50 p :
_b il., col.
501 _a1. Aire y calor. 2. Fuerza y movimiento. 3. Luces y sombras. 4. Agua y hielo. 5.Electricidad y magnetismo
650 1 4 _aAgua
_xExperimentos
_91035
650 1 4 _aAire
_xExperimentos
_91033
650 1 4 _aCalor
_xExperimentos
_91034
650 1 4 _aElectricidad
_xExperimentos
_91037
650 1 4 _aMagnetismo
_xExperimentos
_91036
700 1 _aTheissen, Petra
_eil.
_91032
942 _2ddc
_cBK
999 _c37348
_d37348